| 000 | 00359 a2200109 4500 | ||
|---|---|---|---|
| 001 | ART_41739 | ||
| 005 | 20260410161806.0 | ||
| 008 | 260409a | ||
| 245 | 1 | 0 | _aTemas jurídicos que gobiernan la transferencia del control accionario |
| 100 | 1 | _aPapa, Rodolfo G. | |
| 773 | 0 |
_tDoctrina Societaria y Concursal _g- Nº 308 (jul. 2013) _wREV4298 |
|
| 999 |
_c20978 _d20978 |
||